| 000 | 00417nab a2200145Ia 4500 | ||
|---|---|---|---|
| 003 | ES-SlBCS | ||
| 005 | 20210601131744.0 | ||
| 008 | 140529s1929 xxu||||| |||| 00| 0 fre d | ||
| 041 | _afre | ||
| 100 | 1 |
_aHarlaire, André _9188615 |
|
| 245 | 0 | 0 |
_aLe roman de Jean Giono _c André Harlaire |
| 600 | 1 | 4 |
_aGiono, Jean _935567 |
| 773 | 0 |
_tVie Intelectuelle (La) _gvol. 2, nº. 8, 1929, págs. 935-937 _wRev907 |
|
| 942 | _cAR | ||
| 999 |
_c568249 _d568249 |
||